Making Xavier's dream real : Vernacular writings of Catholic missionaries in modern Japan

Saved in:
Bibliographic Details
Main Author: Guo, Nanyan
Format: Book
Language:Undetermined
Published: Tokyo, Japan Japan Publishing Industry Foundation for Culture (JPIC) 2020
Subjects:
Tags: Add Tag
No Tags, Be the first to tag this record!
Institutions: Trung tâm Học liệu Trường Đại học Cần Thơ
LEADER 00670nam a2200217Ia 4500
001 CTU_240032
008 210402s9999 xx 000 0 und d
020 |c 654630 
082 |a 895.609 
082 |b G977 
100 |a Guo, Nanyan 
245 0 |a Making Xavier's dream real : 
245 0 |b Vernacular writings of Catholic missionaries in modern Japan 
245 0 |c Nanyan Guo 
260 |a Tokyo, Japan 
260 |b Japan Publishing Industry Foundation for Culture (JPIC) 
260 |c 2020 
650 |a Người truyền giáo,Missionaries 
650 |z Nhật Bản,Japan 
910 |b nthai 
980 |a Trung tâm Học liệu Trường Đại học Cần Thơ